000 00441nam a2200169Ia 4500
005 20250508160721.0
008 008 250505s9999 xx 000 0 eng d
037 _aTextual
040 _aFEDL
_beng
_cFEDL
041 _aeng
_2eng
084 _a707, MAC
_qFEDL
100 _aMacdonald Stuart
245 0 _aHistory and philosophy of art education
300 _a400p.
942 _cTEXL
_h707, MAC
999 _c1366208
_d1366208